Grösste Seen der Schweiz auf einer Karte - Statistiken

Allgemein
  • Dieses Quiz wurde 2.264 mal gespielt
  • Das Durchschnittsergebnis liegt bei 9 aus 15
Antworten auf der Karte
Die Antworten werden auf der Karte rot bzw. grün angezeigt, abhängig davon wie oft sie richtig erraten wurden.
 
Antwortstatistiken
Fläche (km²) See % Korrekt
172,86 Bodensee
96%
345,31 Genfersee
96%
88,17 Zürichsee
88%
113,72 Vierwaldstättersee
73%
42,29 Langensee
67%
215,20 Neuenburgersee
65%
30,03 Luganersee
63%
47,74 Thunersee
60%
38,41 Zugersee
56%
39,51 Bielersee
54%
29,81 Brienzersee
48%
24,16 Walensee
44%
22,80 Murtensee
39%
14,36 Sempachersee
32%
10,21 Hallwilersee
31%
Keine übereinstimmenden Quizze gefunden
Verteilung der Resultate
Anzahl Personen mit jedem Resultat
Perzentil nach korrekt beantworteten Fragen
Ihre Resultats-Entwicklung
Sie haben dieses Quiz noch nicht gespielt